00524nam a2200169Ia 4500003000900000008004100009020001800050040001600068080001500084100001900099245010400118260005000222300001400272650004100286650001400327650001300341IN-BaIIA211028s9999 xx 000 0 eng d a90-277-0684-0 cIIA Library a524.8bKLE aKleczek, Josip 4aThe universebnuclear transition regioncJosip Kleczek  aDordrecht-HollandbD. Reidel Publishingc1976 avi, 259p. aAstronomy and astrophysics thesaurus aCosmology aUniverse